[Event "Itzehoe op 3rd"]
[Site "Itzehoe"]
[Date "2024.05.10"]
[Round "4"]
[White "Peschke, Andres"]
[Black "Petersohn, Sadko"]
[Result "1-0"]
[WhiteElo "1936"]
[BlackElo "1752"]
[PlyCount "83"]
[EventDate "2024.05.09"]
[EventType "swiss"]
[EventRounds "7"]
[EventCountry "GER"]
[SourceTitle "CB21_2024"]
[SourceDate "2024.05.22"]
[SourceVersion "1"]
[SourceVersionDate "2024.05.22"]
[SourceQuality "1"]

1. Nf3 Nf6 2. g3 c5 3. d3 d5 4. Nbd2 d4 5. Bg2 g6 6. e4 dxe3 7. fxe3 Bh6 8. Qe2 0-0 9. 0-0 Nc6 10. a3 Rb8 11. Nb3 b6 12. e4 Bg7 13. Bf4 Ra8 14. c3 Nh5 15. Be3 e5 16. Nbd2 f5 17. exf5 Bxf5 18. Ne1 Bd7 19. Ne4 Qc7 20. Nf3 Bg4 21. Qd2 Rad8 22. Qc2 h6 23. Nh4 Kh7 24. Nf2 Be6 25. Be4 Ne7 26. Rad1 Nf6 27. Bg2 g5 28. Nf3 Nfd5 29. Bc1 Bg4 30. Nxg4 Nf5 31. Qe2 Kg8 32. Ne3 e4 33. dxe4 Ndxe3 34. Bxe3 Nxg3 35. hxg3 Rxd1 36. Qxd1 Qxg3 37. Bf2 Qf4 38. Qe1 g4 39. Bg3 Qf7 40. Nh4 Qb3 41. Rxf8+ Bxf8 42. Qd2 1-0

[Event "Itzehoe op 3rd"]
[Site "Itzehoe"]
[Date "2024.05.09"]
[Round "2"]
[White "Peschke, Andres"]
[Black "Christiansen, Henning"]
[Result "1-0"]
[WhiteElo "1936"]
[BlackElo "1733"]
[PlyCount "61"]
[EventDate "2024.05.09"]
[EventType "swiss"]
[EventRounds "7"]
[EventCountry "GER"]
[SourceTitle "CB21_2024"]
[SourceDate "2024.05.22"]
[SourceVersion "1"]
[SourceVersionDate "2024.05.22"]
[SourceQuality "1"]

1. Nf3 e6 2. d4 d5 3. b3 Nf6 4. e3 c6 5. Bb2 Nbd7 6. Nbd2 Bd6 7. Bd3 0-0 8. 0-0 Qc7 9. c4 b6 10. Rc1 Ba6 11. Qe2 c5 12. h3 Rfe8 13. Rfd1 e5 14. dxe5 Nxe5 15. Nxe5 Bxe5 16. Bxe5 Qxe5 17. Nf3 Qh5 18. cxd5 Bb7 19. Bb5 Re4 20. Nd2 Qxe2 21. Bxe2 Ree8 22. Bb5 Red8 23. e4 a6 24. Be2 Re8 25. Bf3 Rad8 26. Re1 Nd7 27. Nc4 b5 28. Nd6 Ba8 29. Nxe8 Rxe8 30. a4 Ne5 31. Be2 1-0